| 000 | 00528nam a22001697a 4500 | ||
|---|---|---|---|
| 005 | 20251108164145.0 | ||
| 008 | 250721s9999 xx 000 0 ara d | ||
| 082 | 1 | 4 | _a211/محم |
| 100 | 1 | _aقبيسي، محمد | |
| 245 | 1 | 0 |
_aالقرآن الكريم : _bأضواء على الشرق و الغرب / |
| 264 | 1 |
_aبيروت : _bمؤسسة الرحاب الحديثة، _c[19-]. |
|
| 300 | _a256ص. | ||
| 650 | 1 | 7 | _aالقرآن الكريم |
| 650 | 1 | 7 | _aالعلوم القرآنية |
| 942 |
_2ddc _cBK |
||
| 999 |
_c5052 _d5052 |
||